000 00549nam a2200229Ia 4500
003 OSt
005 20221005113757.0
006 a|||||r|||| 00| 0
007 ta
008 221004b |||||||| |||| 00| 0 tam d
024 _a52326
037 _cTextual
040 _aCRL
_cCRL
_btam
041 _2tam
_atam
082 _aV2.N, 31K5
100 _aMajumdar R.C.
245 0 _aAdvanced history of India
260 _c1965
650 _aHISTORY
942 _hV2.N, 31K5
_cTEXL
_2cc
999 _c1029240
_d1029240